Géographie : Quelques Pays et Capitales - Quiz Tuiles - Statistiques

Statistiques générales
  • Ce quiz a été pris 407 fois
  • Le résultat moyen est 36 sur 45
Statistiques - réponses
Question Tuile Select % Correct
Les pays ayant au moins un territoire en Europe ? Liban Non
98%
Les capitales se trouvant en Europe Alger Non
97%
Les pays ayant au moins un territoire en Europe ? Canada Non
97%
Les pays ayant au moins un territoire en Europe ? Maroc Non
97%
Les capitales se trouvant en Europe Washington Non
97%
Les pays ayant au moins un territoire en Europe ? France Oui
95%
Les capitales se trouvant en Europe Castries Non
94%
Les pays ayant au moins un territoire en Europe ? Liechtenstein Oui
94%
Les capitales se trouvant en Europe Helsinki Oui
92%
Les pays ayant au moins un territoire en Europe ? Malte Oui
92%
Les pays existant (parmi les 196 présents sur JetPunk) Bhasmas Non
91%
Les pays existant (parmi les 196 présents sur JetPunk) Nuku'Alofa Non
91%
Les pays associés correctement à leur capitale France-Marseille Non
90%
Les capitales se trouvant en Europe Sarajevo Oui
90%
Les capitales se trouvant en Europe Bratislava Oui
88%
Les pays associés correctement à leur capitale Brésil-Rio de Janeiro Non
88%
Les pays ayant au moins un territoire en Europe ? Russie Oui
88%
Les pays existant (parmi les 196 présents sur JetPunk) Saint-Guernesey Non
88%
Les capitales existant (parmi les 196 présentes sur JetPunk) Sistãn Non
88%
Les pays associés correctement à leur capitale Liban-Damascus Non
87%
Les pays associés correctement à leur capitale Australie-Wellington Non
86%
Les capitales existant (parmi les 196 présentes sur JetPunk) Bamako Oui
86%
Les pays existant (parmi les 196 présents sur JetPunk) Guernesey Non
85%
Les capitales existant (parmi les 196 présentes sur JetPunk) Kantoli Non
85%
Les capitales existant (parmi les 196 présentes sur JetPunk) Boniafa Non
84%
Les capitales se trouvant en Europe Moscou Oui
84%
Les pays existant (parmi les 196 présents sur JetPunk) Timor Oriental Oui
84%
Les pays existant (parmi les 196 présents sur JetPunk) Eswatini Oui
81%
Les capitales existant (parmi les 196 présentes sur JetPunk) Asmandou Non
79%
Les pays existant (parmi les 196 présents sur JetPunk) Salomon Oui
79%
Les pays existant (parmi les 196 présents sur JetPunk) Sibérie Non
79%
Les capitales se trouvant en Europe Tbilissi Non
74%
Les capitales existant (parmi les 196 présentes sur JetPunk) John's Port Non
73%
Les capitales existant (parmi les 196 présentes sur JetPunk) Johnston Non
72%
Les pays associés correctement à leur capitale Guinée-Bissau Non
71%
Les pays ayant au moins un territoire en Europe ? Turquie Oui
68%
Les capitales se trouvant en Europe Istanbul Non
65%
Les pays existant (parmi les 196 présents sur JetPunk) Tongo Non
64%
Les pays associés correctement à leur capitale Comores-Moroni Oui
63%
Les pays associés correctement à leur capitale Saint-Marin Non
54%
Les pays ayant au moins un territoire en Europe ? Chypre Non
52%
Les pays associés correctement à leur capitale Andorre-Andorre Non
47%
Les pays associés correctement à leur capitale R.D.Congo-Brazzaville Non
46%
Les capitales existant (parmi les 196 présentes sur JetPunk) Ougadougu Non
45%
Les capitales existant (parmi les 196 présentes sur JetPunk) Honiara Oui
38%
Aucun quiz correspondant
Distribution des résultats
% des personnes avec chaque résultat
Percentile par nombre de réponses
Votre historique - résultats
Vous n’avez pas pris ce quiz